Climate diagnostics bulletin. Near real-time analyses ocean atmosphere /

Bibliographic Details
Corporate Authors: Climate Analysis Center (U.S.), National Centers for Environmental Prediction (U.S.), Climate Prediction Center (U.S.)
Format: Government Document Journal
Language:English
Published: Washington, D.C. : The Center.
Subjects:

MARC

Tag First Indicator Second Indicator Subfields
LEADER 00000cas a2200000 a 4500
001 in00002000470
005 20151031130941.0
008 041105c19uu9999dcumr1p f0 a0eng d
040 |d UtOrBLW 
042 |a lc  |a nsdp 
049 |a TXAM 
050 0 0 |a QC982  |b .C536 
086 0 |a C 55.194: 
245 0 0 |a Climate diagnostics bulletin.  |p Near real-time analyses ocean atmosphere /  |c NOAA, National Weather Service, National Meteorological Center, Climate Analysis Center. 
246 3 0 |a Near real-time analyses 
264 1 |a Washington, D.C. :  |b The Center. 
300 |a volumes :  |b illustrations, maps ;  |c 28 cm. 
310 |a Monthly 
336 |a text  |b txt  |2 rdacontent 
337 |a unmediated  |b n  |2 rdamedia 
338 |a volume  |b nc  |2 rdacarrier 
500 |a Description based on: Number 89/1 (Jan. 1989); title from cover. 
650 0 |a Climatology  |v Observations  |x Charts, diagrams, etc.  |x Periodicals. 
650 0 |a Weather forecasting  |x Observations  |x Charts, diagrams, etc.  |x Periodicals. 
650 0 |a Ocean-atmosphere interaction  |x Observations  |x Charts, diagrams, etc.  |x Periodicals. 
710 2 |a Climate Analysis Center (U.S.) 
710 2 |a National Centers for Environmental Prediction (U.S.) 
710 2 |a Climate Prediction Center (U.S.) 
999 |a MARS 
999 f f |s f5eaa2f5-c8af-3691-b6b1-b0504fa77884  |i 0051c57c-edae-377a-a654-6de6f0af30f0  |t 0 
952 f f |p serial  |a Texas A&M University  |b College Station  |c Sterling C. Evans Library  |d Evans: US Documents (Annex 5th floor)  |t 0  |e C 55.194:  |h Superintendent of Documents classification  |i unmediated -- volume  |k no.01/1-2, 4-6  |l 2001:Jan.-Feb., April-June  |m A14831482012 
952 f f |p serial  |a Texas A&M University  |b College Station  |c Sterling C. Evans Library  |d Evans: US Documents Microfiche (3rd floor)  |t 0  |e C 55.194:  |h Superintendent of Documents classification  |i unmediated -- volume  |k no.94/3  |l 1994:Mar.  |m A14830129467 
952 f f |p serial  |a Texas A&M University  |b College Station  |c Sterling C. Evans Library  |d Evans: US Documents Microfiche (3rd floor)  |t 0  |e C 55.194:  |h Superintendent of Documents classification  |i unmediated -- volume  |k no.99/2  |l 1999:Feb.  |m A14829358100 
952 f f |p serial  |a Texas A&M University  |b College Station  |c Sterling C. Evans Library  |d Evans: US Documents Microfiche (3rd floor)  |t 0  |e C 55.194:  |h Superintendent of Documents classification  |i unmediated -- volume  |k no.02/1  |l 2002:Jan.  |m A14829074065 
952 f f |p serial  |a Texas A&M University  |b College Station  |c Sterling C. Evans Library  |d Evans: US Documents Microfiche (3rd floor)  |t 0  |e C 55.194:  |h Superintendent of Documents classification  |i unmediated -- volume  |k no.94/5  |l 1994:May  |m A14830129386 
952 f f |p serial  |a Texas A&M University  |b College Station  |c Sterling C. Evans Library  |d Evans: US Documents Microfiche (3rd floor)  |t 0  |e C 55.194:  |h Superintendent of Documents classification  |i unmediated -- volume  |k no.98/11  |l 1998:Nov.  |m A14829358037 
952 f f |p serial  |a Texas A&M University  |b College Station  |c Sterling C. Evans Library  |d Evans: US Documents Microfiche (3rd floor)  |t 0  |e C 55.194:  |h Superintendent of Documents classification  |i unmediated -- volume  |k no.98/6  |l 1998:June  |m A14829358231 
952 f f |p serial  |a Texas A&M University  |b College Station  |c Sterling C. Evans Library  |d Evans: US Documents Microfiche (3rd floor)  |t 0  |e C 55.194:  |h Superintendent of Documents classification  |i unmediated -- volume  |k no.96/4  |l 1996:Apr.  |m A14830129417 
952 f f |p serial  |a Texas A&M University  |b College Station  |c Sterling C. Evans Library  |d Evans: US Documents Microfiche (3rd floor)  |t 0  |e C 55.194:  |h Superintendent of Documents classification  |i unmediated -- volume  |k no.96/10  |l 1996:Oct.  |m A14830129394 
952 f f |p serial  |a Texas A&M University  |b College Station  |c Sterling C. Evans Library  |d Evans: US Documents Microfiche (3rd floor)  |t 0  |e C 55.194:  |h Superintendent of Documents classification  |i unmediated -- volume  |k no.95/8  |l 1995:Aug.  |m A14830129093 
952 f f |p serial  |a Texas A&M University  |b College Station  |c Sterling C. Evans Library  |d Evans: US Documents (Annex 5th floor)  |t 0  |e C 55.194:  |h Superintendent of Documents classification  |i unmediated -- volume  |l 1990  |m A14832149455 
952 f f |p serial  |a Texas A&M University  |b College Station  |c Sterling C. Evans Library  |d Evans: US Documents Microfiche (3rd floor)  |t 0  |e C 55.194:  |h Superintendent of Documents classification  |i unmediated -- volume  |k no.94/8  |l 1994:Aug.  |m A14830129302 
952 f f |p serial  |a Texas A&M University  |b College Station  |c Sterling C. Evans Library  |d Evans: US Documents Microfiche (3rd floor)  |t 0  |e C 55.194:  |h Superintendent of Documents classification  |i unmediated -- volume  |k no.94/4  |l 1994:Apr.  |m A14830129425 
952 f f |p serial  |a Texas A&M University  |b College Station  |c Sterling C. Evans Library  |d Evans: US Documents Microfiche (3rd floor)  |t 0  |e C 55.194:  |h Superintendent of Documents classification  |i unmediated -- volume  |k no.95/9  |l 1995:Sept.  |m A14830129132 
952 f f |p serial  |a Texas A&M University  |b College Station  |c Sterling C. Evans Library  |d Evans: US Documents (Annex 5th floor)  |t 0  |e C 55.194:  |h Superintendent of Documents classification  |i unmediated -- volume  |k no.98/1-6  |l 1998:Jan.-June  |m A14831482020 
952 f f |p serial  |a Texas A&M University  |b College Station  |c Sterling C. Evans Library  |d Evans: US Documents Microfiche (3rd floor)  |t 0  |e C 55.194:  |h Superintendent of Documents classification  |i unmediated -- volume  |k no.99/5  |l 1999:May  |m A14824284762 
952 f f |p serial  |a Texas A&M University  |b College Station  |c Sterling C. Evans Library  |d Evans: US Documents Microfiche (3rd floor)  |t 0  |e C 55.194:  |h Superintendent of Documents classification  |i unmediated -- volume  |k no.94/1  |l 1994:Jan.  |m A14830129051 
952 f f |p serial  |a Texas A&M University  |b College Station  |c Sterling C. Evans Library  |d Evans: US Documents (Annex 5th floor)  |t 0  |e C 55.194:  |h Superintendent of Documents classification  |i unmediated -- volume  |k no.94/1-6  |l 1994:Jan.-June  |m A14831481969 
952 f f |p serial  |a Texas A&M University  |b College Station  |c Sterling C. Evans Library  |d Evans: US Documents Microfiche (3rd floor)  |t 0  |e C 55.194:  |h Superintendent of Documents classification  |i unmediated -- volume  |k no.02/2  |l 2002:Feb.  |m A14829082262 
952 f f |p serial  |a Texas A&M University  |b College Station  |c Sterling C. Evans Library  |d Evans: US Documents Microfiche (3rd floor)  |t 0  |e C 55.194:  |h Superintendent of Documents classification  |i unmediated -- volume  |k no.95/10  |l 1995:Oct.  |m A14830129174 
952 f f |p serial  |a Texas A&M University  |b College Station  |c Sterling C. Evans Library  |d Evans: US Documents Microfiche (3rd floor)  |t 0  |e C 55.194:  |h Superintendent of Documents classification  |i unmediated -- volume  |k no.98/7  |l 1998:July  |m A14829358192 
952 f f |p serial  |a Texas A&M University  |b College Station  |c Sterling C. Evans Library  |d Evans: US Documents Microfiche (3rd floor)  |t 0  |e C 55.194:  |h Superintendent of Documents classification  |i unmediated -- volume  |k no.96/7  |l 1996:July  |m A14830129514 
952 f f |p serial  |a Texas A&M University  |b College Station  |c Sterling C. Evans Library  |d Evans: US Documents (Annex 5th floor)  |t 0  |e C 55.194:  |h Superintendent of Documents classification  |i unmediated -- volume  |k no.7-12  |l 1999:July-Dec.  |m A14832149293 
952 f f |p serial  |a Texas A&M University  |b College Station  |c Sterling C. Evans Library  |d Evans: US Documents (Annex 5th floor)  |t 0  |e C 55.194:  |h Superintendent of Documents classification  |i unmediated -- volume  |k no.00/1-6  |l 2000:Jan.-June  |m A14831481985 
952 f f |p serial  |a Texas A&M University  |b College Station  |c Sterling C. Evans Library  |d Evans: US Documents Microfiche (3rd floor)  |t 0  |e C 55.194:  |h Superintendent of Documents classification  |i unmediated -- volume  |k no.94/2  |l 1994:Feb.  |m A14830129506 
952 f f |p serial  |a Texas A&M University  |b College Station  |c Sterling C. Evans Library  |d Evans: US Documents (Annex 5th floor)  |t 0  |e C 55.194:  |h Superintendent of Documents classification  |i unmediated -- volume  |k no.96/7-12  |l 1996:July-Dec.  |m A14832149170 
952 f f |p serial  |a Texas A&M University  |b College Station  |c Sterling C. Evans Library  |d Evans: US Documents Microfiche (3rd floor)  |t 0  |e C 55.194:  |h Superintendent of Documents classification  |i unmediated -- volume  |k no.00/6  |l 2000:June  |m A14827032889 
952 f f |p serial  |a Texas A&M University  |b College Station  |c Sterling C. Evans Library  |d Evans: US Documents Microfiche (3rd floor)  |t 0  |e C 55.194:  |h Superintendent of Documents classification  |i unmediated -- volume  |k no.99/1  |l 1999:Jan.  |m A14829358061 
952 f f |p serial  |a Texas A&M University  |b College Station  |c Sterling C. Evans Library  |d Evans: US Documents Microfiche (3rd floor)  |t 0  |e C 55.194:  |h Superintendent of Documents classification  |i unmediated -- volume  |k no.96/5  |l 1996:May  |m A14830129459 
952 f f |p serial  |a Texas A&M University  |b College Station  |c Sterling C. Evans Library  |d Evans: US Documents (Annex 5th floor)  |t 0  |e C 55.194:  |h Superintendent of Documents classification  |i unmediated -- volume  |k no.99/1-3, 5-6  |l 1999:Jan.-Mar., May-June  |m A14831481993 
952 f f |p serial  |a Texas A&M University  |b College Station  |c Sterling C. Evans Library  |d Evans: US Documents Microfiche (3rd floor)  |t 0  |e C 55.194:  |h Superintendent of Documents classification  |i unmediated -- volume  |k no.97/6  |l 1997:June  |m A14830129190 
952 f f |p serial  |a Texas A&M University  |b College Station  |c Sterling C. Evans Library  |d Evans: US Documents (Annex 5th floor)  |t 0  |e C 55.194:  |h Superintendent of Documents classification  |i unmediated -- volume  |k no.97/7-12  |l 1997:July-Dec.  |m A14832149219 
952 f f |p serial  |a Texas A&M University  |b College Station  |c Sterling C. Evans Library  |d Evans: US Documents Microfiche (3rd floor)  |t 0  |e C 55.194:  |h Superintendent of Documents classification  |i unmediated -- volume  |k no.95/3  |l 1995:Mar.  |m A14830129027 
952 f f |p serial  |a Texas A&M University  |b College Station  |c Sterling C. Evans Library  |d Evans: US Documents Microfiche (3rd floor)  |t 0  |e C 55.194:  |h Superintendent of Documents classification  |i unmediated -- volume  |k no.95/11  |l 1995:Nov.  |m A14830129213 
952 f f |p serial  |a Texas A&M University  |b College Station  |c Sterling C. Evans Library  |d Evans: US Documents Microfiche (3rd floor)  |t 0  |e C 55.194:  |h Superintendent of Documents classification  |i unmediated -- volume  |k no.00/10  |l 2000:Oct.  |m A14827541587 
952 f f |p serial  |a Texas A&M University  |b College Station  |c Sterling C. Evans Library  |d Evans: US Documents Microfiche (3rd floor)  |t 0  |e C 55.194:  |h Superintendent of Documents classification  |i unmediated -- volume  |k no.99/3  |l 1999:Mar.  |m A14824494341 
952 f f |p serial  |a Texas A&M University  |b College Station  |c Sterling C. Evans Library  |d Evans: US Documents Microfiche (3rd floor)  |t 0  |e C 55.194:  |h Superintendent of Documents classification  |i unmediated -- volume  |k no.98/10  |l 1998:Oct.  |m A14829358079 
952 f f |p serial  |a Texas A&M University  |b College Station  |c Sterling C. Evans Library  |d Evans: US Documents Microfiche (3rd floor)  |t 0  |e C 55.194:  |h Superintendent of Documents classification  |i unmediated -- volume  |k no.96/8  |l 1996:Aug.  |m A14830129475 
952 f f |p serial  |a Texas A&M University  |b College Station  |c Sterling C. Evans Library  |d Evans: US Documents Microfiche (3rd floor)  |t 0  |e C 55.194:  |h Superintendent of Documents classification  |i unmediated -- volume  |k no.01/10  |l 2001:Oct.  |m A14826673103 
952 f f |p serial  |a Texas A&M University  |b College Station  |c Sterling C. Evans Library  |d Evans: US Documents Microfiche (3rd floor)  |t 0  |e C 55.194:  |h Superintendent of Documents classification  |i unmediated -- volume  |k no.01/7  |l 2001:July  |m A14828744455 
952 f f |p serial  |a Texas A&M University  |b College Station  |c Sterling C. Evans Library  |d Evans: US Documents Microfiche (3rd floor)  |t 0  |e C 55.194:  |h Superintendent of Documents classification  |i unmediated -- volume  |k no.95/12  |l 1995:Dec.  |m A14830129255 
952 f f |p serial  |a Texas A&M University  |b College Station  |c Sterling C. Evans Library  |d Evans: US Documents (Annex 5th floor)  |t 0  |e C 55.194:  |h Superintendent of Documents classification  |i unmediated -- volume  |k no.96/1-6  |l 1996:Jan.-June  |m A14831482004 
952 f f |p serial  |a Texas A&M University  |b College Station  |c Sterling C. Evans Library  |d Evans: US Documents Microfiche (3rd floor)  |t 0  |e C 55.194:  |h Superintendent of Documents classification  |i unmediated -- volume  |k no.98/8  |l 1998:Aug.  |m A14829358150 
952 f f |p serial  |a Texas A&M University  |b College Station  |c Sterling C. Evans Library  |d Evans: US Documents Microfiche (3rd floor)  |t 0  |e C 55.194:  |h Superintendent of Documents classification  |i unmediated -- volume  |k no.95/4  |l 1995:Apr.  |m A14830128982 
952 f f |p serial  |a Texas A&M University  |b College Station  |c Sterling C. Evans Library  |d Evans: US Documents Microfiche (3rd floor)  |t 0  |e C 55.194:  |h Superintendent of Documents classification  |i unmediated -- volume  |k no.97/10  |l 1997:Oct.  |m A14830129035 
952 f f |p serial  |a Texas A&M University  |b College Station  |c Sterling C. Evans Library  |d Evans: US Documents (Annex 5th floor)  |t 0  |e C 55.194:  |h Superintendent of Documents classification  |i unmediated -- volume  |k no.98/7-12  |l 1998:July-Dec.  |m A14832149251 
952 f f |p serial  |a Texas A&M University  |b College Station  |c Sterling C. Evans Library  |d Evans: US Documents Microfiche (3rd floor)  |t 0  |e C 55.194:  |h Superintendent of Documents classification  |i unmediated -- volume  |k no.98/5  |l 1998:May  |m A14829358312 
952 f f |p serial  |a Texas A&M University  |b College Station  |c Sterling C. Evans Library  |d Evans: US Documents Microfiche (3rd floor)  |t 0  |e C 55.194:  |h Superintendent of Documents classification  |i unmediated -- volume  |k no.97/12  |l 1997:Dec.  |m A14830128958 
952 f f |p serial  |a Texas A&M University  |b College Station  |c Sterling C. Evans Library  |d Evans: US Documents Microfiche (3rd floor)  |t 0  |e C 55.194:  |h Superintendent of Documents classification  |i unmediated -- volume  |k no.00/3  |l 2000:Mar.  |m A14826343457 
952 f f |p serial  |a Texas A&M University  |b College Station  |c Sterling C. Evans Library  |d Evans: US Documents Microfiche (3rd floor)  |t 0  |e C 55.194:  |h Superintendent of Documents classification  |i unmediated -- volume  |k no.97/7  |l 1997:July  |m A14830129158 
952 f f |p serial  |a Texas A&M University  |b College Station  |c Sterling C. Evans Library  |d Evans: US Documents Microfiche (3rd floor)  |t 0  |e C 55.194:  |h Superintendent of Documents classification  |i unmediated -- volume  |k no.00/8  |l 2000:Aug.  |m A14827032847 
952 f f |p serial  |a Texas A&M University  |b College Station  |c Sterling C. Evans Library  |d Evans: US Documents (Annex 5th floor)  |t 0  |e C 55.194:  |h Superintendent of Documents classification  |i unmediated -- volume  |k no.02/1-02/5  |l 2002:Jan.-May  |m A14832149413 
952 f f |p serial  |a Texas A&M University  |b College Station  |c Sterling C. Evans Library  |d Evans: US Documents Microfiche (3rd floor)  |t 0  |e C 55.194:  |h Superintendent of Documents classification  |i unmediated -- volume  |k no.98/2  |l 1998:Feb.  |m A14830179145 
952 f f |p serial  |a Texas A&M University  |b College Station  |c Sterling C. Evans Library  |d Evans: US Documents (Annex 5th floor)  |t 0  |e C 55.194:  |h Superintendent of Documents classification  |i unmediated -- volume  |k no.00/7-12  |l 2000:July-Dec.  |m A14832149332 
952 f f |p serial  |a Texas A&M University  |b College Station  |c Sterling C. Evans Library  |d Evans: US Documents Microfiche (3rd floor)  |t 0  |e C 55.194:  |h Superintendent of Documents classification  |i unmediated -- volume  |k no.99/7  |l 1999:July  |m A14824293525 
952 f f |p serial  |a Texas A&M University  |b College Station  |c Sterling C. Evans Library  |d Evans: US Documents Microfiche (3rd floor)  |t 0  |e C 55.194:  |h Superintendent of Documents classification  |i unmediated -- volume  |k no.01/6  |l 2001:June  |m A14828750529 
952 f f |p serial  |a Texas A&M University  |b College Station  |c Sterling C. Evans Library  |d Evans: US Documents Microfiche (3rd floor)  |t 0  |e C 55.194:  |h Superintendent of Documents classification  |i unmediated -- volume  |k no.94/12  |l 1994:Dec.  |m A14830129140 
952 f f |p serial  |a Texas A&M University  |b College Station  |c Sterling C. Evans Library  |d Evans: US Documents Microfiche (3rd floor)  |t 0  |e C 55.194:  |h Superintendent of Documents classification  |i unmediated -- volume  |k no.01/2  |l 2001:Feb.  |m A14827545492 
952 f f |p serial  |a Texas A&M University  |b College Station  |c Sterling C. Evans Library  |d Evans: US Documents (Annex 5th floor)  |t 0  |e C 55.194:  |h Superintendent of Documents classification  |i unmediated -- volume  |k no.94/7-12  |l 1994:July-Dec.  |m A14832149099 
952 f f |p serial  |a Texas A&M University  |b College Station  |c Sterling C. Evans Library  |d Evans: US Documents Microfiche (3rd floor)  |t 0  |e C 55.194:  |h Superintendent of Documents classification  |i unmediated -- volume  |k no.01/12  |l 2001:Dec.  |m A14829074023 
952 f f |p serial  |a Texas A&M University  |b College Station  |c Sterling C. Evans Library  |d Evans: US Documents (Annex 5th floor)  |t 0  |e C 55.194:  |h Superintendent of Documents classification  |i unmediated -- volume  |k no.01/7-12  |l 2001:July-Dec.  |m A14832149374 
952 f f |p serial  |a Texas A&M University  |b College Station  |c Sterling C. Evans Library  |d Evans: US Documents Microfiche (3rd floor)  |t 0  |e C 55.194:  |h Superintendent of Documents classification  |i unmediated -- volume  |k no.98/12  |l 1998:Dec.  |m A14829358029 
952 f f |p serial  |a Texas A&M University  |b College Station  |c Sterling C. Evans Library  |d Evans: US Documents Microfiche (3rd floor)  |t 0  |e C 55.194:  |h Superintendent of Documents classification  |i unmediated -- volume  |k no.98/3  |l 1998:Mar.  |m A14829358396 
952 f f |p serial  |a Texas A&M University  |b College Station  |c Sterling C. Evans Library  |d Evans: US Documents Microfiche (3rd floor)  |t 0  |e C 55.194:  |h Superintendent of Documents classification  |i unmediated -- volume  |k no.97/5  |l 1997:May  |m A14830129239 
952 f f |p serial  |a Texas A&M University  |b College Station  |c Sterling C. Evans Library  |d Evans: US Documents Microfiche (3rd floor)  |t 0  |e C 55.194:  |h Superintendent of Documents classification  |i unmediated -- volume  |k no.95/5  |l 1995:May  |m A14830128940 
952 f f |p serial  |a Texas A&M University  |b College Station  |c Sterling C. Evans Library  |d Evans: US Documents Microfiche (3rd floor)  |t 0  |e C 55.194:  |h Superintendent of Documents classification  |i unmediated -- volume  |k no.02/6  |l 2002:June  |m A14829711340 
952 f f |p serial  |a Texas A&M University  |b College Station  |c Sterling C. Evans Library  |d Evans: US Documents Microfiche (3rd floor)  |t 0  |e C 55.194:  |h Superintendent of Documents classification  |i unmediated -- volume  |k no.00/11  |l 2000:Nov.  |m A14827512041 
952 f f |p serial  |a Texas A&M University  |b College Station  |c Sterling C. Evans Library  |d Evans: US Documents Microfiche (3rd floor)  |t 0  |e C 55.194:  |h Superintendent of Documents classification  |i unmediated -- volume  |k no.02/3  |l 2002:Mar.  |m A14829082301 
952 f f |p serial  |a Texas A&M University  |b College Station  |c Sterling C. Evans Library  |d Evans: US Documents (Annex 5th floor)  |t 0  |e C 55.194:  |h Superintendent of Documents classification  |i unmediated -- volume  |l 1992  |m A14817042222 
952 f f |p serial  |a Texas A&M University  |b College Station  |c Sterling C. Evans Library  |d Evans: US Documents Microfiche (3rd floor)  |t 0  |e C 55.194:  |h Superintendent of Documents classification  |i unmediated -- volume  |k no.01/4  |l 2001:Apr.  |m A14828750561 
952 f f |p serial  |a Texas A&M University  |b College Station  |c Sterling C. Evans Library  |d Evans: US Documents Microfiche (3rd floor)  |t 0  |e C 55.194:  |h Superintendent of Documents classification  |i unmediated -- volume  |k no.96/9  |l 1996:Sept.  |m A14830129433 
952 f f |p serial  |a Texas A&M University  |b College Station  |c Sterling C. Evans Library  |d Evans: US Documents Microfiche (3rd floor)  |t 0  |e C 55.194:  |h Superintendent of Documents classification  |i unmediated -- volume  |k no.98/1  |l 1998:Jan.  |m A14830128916 
952 f f |p serial  |a Texas A&M University  |b College Station  |c Sterling C. Evans Library  |d Evans: US Documents Microfiche (3rd floor)  |t 0  |e C 55.194:  |h Superintendent of Documents classification  |i unmediated -- volume  |k no.00/4  |l 2000:Apr.  |m A14826652369 
952 f f |p serial  |a Texas A&M University  |b College Station  |c Sterling C. Evans Library  |d Evans: US Documents (Annex 5th floor)  |t 0  |e C 55.194:  |h Superintendent of Documents classification  |i unmediated -- volume  |k no.95/7-12  |l 1995:July-Dec.  |m A14832149138 
952 f f |p serial  |a Texas A&M University  |b College Station  |c Sterling C. Evans Library  |d Evans: US Documents Microfiche (3rd floor)  |t 0  |e C 55.194:  |h Superintendent of Documents classification  |i unmediated -- volume  |k no.00/9  |l 2000:Sept.  |m A14827550811 
952 f f |p serial  |a Texas A&M University  |b College Station  |c Sterling C. Evans Library  |d Evans: US Documents Microfiche (3rd floor)  |t 0  |e C 55.194:  |h Superintendent of Documents classification  |i unmediated -- volume  |k no.96/11  |l 1996:Nov.  |m A14830129352 
952 f f |p serial  |a Texas A&M University  |b College Station  |c Sterling C. Evans Library  |d Evans: US Documents Microfiche (3rd floor)  |t 0  |e C 55.194:  |h Superintendent of Documents classification  |i unmediated -- volume  |k no.94/11  |l 1994:Nov.  |m A14830129182 
952 f f |p serial  |a Texas A&M University  |b College Station  |c Sterling C. Evans Library  |d Evans: US Documents Microfiche (3rd floor)  |t 0  |e C 55.194:  |h Superintendent of Documents classification  |i unmediated -- volume  |k no.00/2  |l 2000:Feb.  |m A14826514210 
952 f f |p serial  |a Texas A&M University  |b College Station  |c Sterling C. Evans Library  |d Evans: US Documents Microfiche (3rd floor)  |t 0  |e C 55.194:  |h Superintendent of Documents classification  |i unmediated -- volume  |k no.01/11  |l 2001:Nov.  |m A14829073988 
952 f f |p serial  |a Texas A&M University  |b College Station  |c Sterling C. Evans Library  |d Evans: US Documents Microfiche (3rd floor)  |t 0  |e C 55.194:  |h Superintendent of Documents classification  |i unmediated -- volume  |k no.99/6  |l 1999:June  |m A14824291484 
952 f f |p serial  |a Texas A&M University  |b College Station  |c Sterling C. Evans Library  |d Evans: US Documents Microfiche (3rd floor)  |t 0  |e C 55.194:  |h Superintendent of Documents classification  |i unmediated -- volume  |k no.98/9  |l 1998:Sept.  |m A14829358118 
952 f f |p serial  |a Texas A&M University  |b College Station  |c Sterling C. Evans Library  |d Evans: US Documents Microfiche (3rd floor)  |t 0  |e C 55.194:  |h Superintendent of Documents classification  |i unmediated -- volume  |k no.96/1  |l 1996:Jan.  |m A14830129297 
952 f f |p serial  |a Texas A&M University  |b College Station  |c Sterling C. Evans Library  |d Evans: US Documents Microfiche (3rd floor)  |t 0  |e C 55.194:  |h Superintendent of Documents classification  |i unmediated -- volume  |k no.96/3  |l 1996:Mar.  |m A14830129378 
952 f f |p serial  |a Texas A&M University  |b College Station  |c Sterling C. Evans Library  |d Evans: US Documents Microfiche (3rd floor)  |t 0  |e C 55.194:  |h Superintendent of Documents classification  |i unmediated -- volume  |k no.99/4  |l 1999:Apr.  |m A14824501009 
952 f f |p serial  |a Texas A&M University  |b College Station  |c Sterling C. Evans Library  |d Evans: US Documents Microfiche (3rd floor)  |t 0  |e C 55.194:  |h Superintendent of Documents classification  |i unmediated -- volume  |k no.95/6  |l 1995:June  |m A14830128908 
952 f f |p serial  |a Texas A&M University  |b College Station  |c Sterling C. Evans Library  |d Evans: US Documents Microfiche (3rd floor)  |t 0  |e C 55.194:  |h Superintendent of Documents classification  |i unmediated -- volume  |k no.97/1  |l 1997:Jan.  |m A14830129310 
952 f f |p serial  |a Texas A&M University  |b College Station  |c Sterling C. Evans Library  |d Evans: US Documents Microfiche (3rd floor)  |t 0  |e C 55.194:  |h Superintendent of Documents classification  |i unmediated -- volume  |k no.00/12  |l 2000:Dec.  |m A14827512009 
952 f f |p serial  |a Texas A&M University  |b College Station  |c Sterling C. Evans Library  |d Evans: US Documents Microfiche (3rd floor)  |t 0  |e C 55.194:  |h Superintendent of Documents classification  |i unmediated -- volume  |k no.96/6  |l 1996:June  |m A14830129491 
952 f f |p serial  |a Texas A&M University  |b College Station  |c Sterling C. Evans Library  |d Evans: US Documents Microfiche (3rd floor)  |t 0  |e C 55.194:  |h Superintendent of Documents classification  |i unmediated -- volume  |k no.00/7  |l 2000:July  |m A14827543173 
952 f f |p serial  |a Texas A&M University  |b College Station  |c Sterling C. Evans Library  |d Evans: US Documents Microfiche (3rd floor)  |t 0  |e C 55.194:  |h Superintendent of Documents classification  |i unmediated -- volume  |k no.02/8  |l 2002:Aug.  |m A14830134488 
952 f f |p serial  |a Texas A&M University  |b College Station  |c Sterling C. Evans Library  |d Evans: US Documents Microfiche (3rd floor)  |t 0  |e C 55.194:  |h Superintendent of Documents classification  |i unmediated -- volume  |k no.94/7  |l 1994:July  |m A14830129344 
952 f f |p serial  |a Texas A&M University  |b College Station  |c Sterling C. Evans Library  |d Evans: US Documents Microfiche (3rd floor)  |t 0  |e C 55.194:  |h Superintendent of Documents classification  |i unmediated -- volume  |k no.97/9  |l 1997:Sept.  |m A14830129077 
952 f f |p serial  |a Texas A&M University  |b College Station  |c Sterling C. Evans Library  |d Evans: US Documents Microfiche (3rd floor)  |t 0  |e C 55.194:  |h Superintendent of Documents classification  |i unmediated -- volume  |k no.94/10  |l 1994:Oct.  |m A14830129221 
952 f f |p serial  |a Texas A&M University  |b College Station  |c Sterling C. Evans Library  |d Evans: US Documents Microfiche (3rd floor)  |t 0  |e C 55.194:  |h Superintendent of Documents classification  |i unmediated -- volume  |k no.95/2  |l 1995:Feb.  |m A14830129069 
952 f f |p serial  |a Texas A&M University  |b College Station  |c Sterling C. Evans Library  |d Evans: US Documents Microfiche (3rd floor)  |t 0  |e C 55.194:  |h Superintendent of Documents classification  |i unmediated -- volume  |k no.96/2  |l 1996:Feb.  |m A14830129336 
952 f f |p serial  |a Texas A&M University  |b College Station  |c Sterling C. Evans Library  |d Evans: US Documents (Annex 5th floor)  |t 0  |e C 55.194:  |h Superintendent of Documents classification  |i unmediated -- volume  |l 1989  |m A14813214322 
952 f f |p serial  |a Texas A&M University  |b College Station  |c Sterling C. Evans Library  |d Evans: US Documents Microfiche (3rd floor)  |t 0  |e C 55.194:  |h Superintendent of Documents classification  |i unmediated -- volume  |k no.95/7  |l 1995:July  |m A14830129483 
952 f f |p serial  |a Texas A&M University  |b College Station  |c Sterling C. Evans Library  |d Evans: US Documents (Annex 5th floor)  |t 0  |e C 55.194:  |h Superintendent of Documents classification  |i unmediated -- volume  |k no.97/1-6  |l 1997:Jan.-June  |m A14831481977 
952 f f |p serial  |a Texas A&M University  |b College Station  |c Sterling C. Evans Library  |d Evans: US Documents (Annex 5th floor)  |t 0  |e C 55.194:  |h Superintendent of Documents classification  |i unmediated -- volume  |l 1991  |m A14815799792 
952 f f |p serial  |a Texas A&M University  |b College Station  |c Sterling C. Evans Library  |d Evans: US Documents (Annex 5th floor)  |t 0  |e C 55.194:  |h Superintendent of Documents classification  |i unmediated -- volume  |l 1993  |m A14817794968 
952 f f |p serial  |a Texas A&M University  |b College Station  |c Sterling C. Evans Library  |d Evans: US Documents Microfiche (3rd floor)  |t 0  |e C 55.194:  |h Superintendent of Documents classification  |i unmediated -- volume  |k no.99/11  |l 1999:Nov.  |m A14825623341 
952 f f |p serial  |a Texas A&M University  |b College Station  |c Sterling C. Evans Library  |d Evans: US Documents Microfiche (3rd floor)  |t 0  |e C 55.194:  |h Superintendent of Documents classification  |i unmediated -- volume  |k no.99/10  |l 1999:Oct.  |m A14826220146 
952 f f |p serial  |a Texas A&M University  |b College Station  |c Sterling C. Evans Library  |d Evans: US Documents Microfiche (3rd floor)  |t 0  |e C 55.194:  |h Superintendent of Documents classification  |i unmediated -- volume  |k no.02/5  |l 2002:May  |m A14829676574 
952 f f |p serial  |a Texas A&M University  |b College Station  |c Sterling C. Evans Library  |d Evans: US Documents Microfiche (3rd floor)  |t 0  |e C 55.194:  |h Superintendent of Documents classification  |i unmediated -- volume  |k no.94/9  |l 1994:Sept.  |m A14830129263 
952 f f |p serial  |a Texas A&M University  |b College Station  |c Sterling C. Evans Library  |d Evans: US Documents Microfiche (3rd floor)  |t 0  |e C 55.194:  |h Superintendent of Documents classification  |i unmediated -- volume  |k no.01/5  |l 2001:May  |m A14828744251 
952 f f |p serial  |a Texas A&M University  |b College Station  |c Sterling C. Evans Library  |d Evans: US Documents Microfiche (3rd floor)  |t 0  |e C 55.194:  |h Superintendent of Documents classification  |i unmediated -- volume  |k no.99/9  |l 1999:Sept.  |m A14826224904 
952 f f |p serial  |a Texas A&M University  |b College Station  |c Sterling C. Evans Library  |d Evans: US Documents Microfiche (3rd floor)  |t 0  |e C 55.194:  |h Superintendent of Documents classification  |i unmediated -- volume  |k no.97/11  |l 1997:Nov.  |m A14830128990 
952 f f |p serial  |a Texas A&M University  |b College Station  |c Sterling C. Evans Library  |d Evans: US Documents Microfiche (3rd floor)  |t 0  |e C 55.194:  |h Superintendent of Documents classification  |i unmediated -- volume  |k no.97/4  |l 1997:Apr.  |m A14830129271 
952 f f |p serial  |a Texas A&M University  |b College Station  |c Sterling C. Evans Library  |d Evans: US Documents Microfiche (3rd floor)  |t 0  |e C 55.194:  |h Superintendent of Documents classification  |i unmediated -- volume  |k no.03/2  |l 2003:Feb.  |m A14830627279 
952 f f |p serial  |a Texas A&M University  |b College Station  |c Sterling C. Evans Library  |d Evans: US Documents Microfiche (3rd floor)  |t 0  |e C 55.194:  |h Superintendent of Documents classification  |i unmediated -- volume  |k no.99/8  |l 1999:Aug.  |m A14824288423 
952 f f |p serial  |a Texas A&M University  |b College Station  |c Sterling C. Evans Library  |d Evans: US Documents (Annex 5th floor)  |t 0  |e C 55.194:  |h Superintendent of Documents classification  |i unmediated -- volume  |k no.94/6  |l 1994:June  |m A14820450361 
952 f f |p serial  |a Texas A&M University  |b College Station  |c Sterling C. Evans Library  |d Evans: US Documents (Annex 5th floor)  |t 0  |e C 55.194:  |h Superintendent of Documents classification  |i unmediated -- volume  |l 1988  |m A14816546312 
952 f f |p serial  |a Texas A&M University  |b College Station  |c Sterling C. Evans Library  |d Evans: US Documents Microfiche (3rd floor)  |t 0  |e C 55.194:  |h Superintendent of Documents classification  |i unmediated -- volume  |k no.01/1  |l 2001:Jan.  |m A14830603657 
952 f f |p serial  |a Texas A&M University  |b College Station  |c Sterling C. Evans Library  |d Evans: US Documents Microfiche (3rd floor)  |t 0  |e C 55.194:  |h Superintendent of Documents classification  |i unmediated -- volume  |k no.00/1  |l 2000:Jan.  |m A14826262601 
952 f f |p serial  |a Texas A&M University  |b College Station  |c Sterling C. Evans Library  |d Evans: US Documents Microfiche (3rd floor)  |t 0  |e C 55.194:  |h Superintendent of Documents classification  |i unmediated -- volume  |k no.99/12  |l 1999:Dec.  |m A14826220358 
952 f f |p serial  |a Texas A&M University  |b College Station  |c Sterling C. Evans Library  |d Evans: US Documents Microfiche (3rd floor)  |t 0  |e C 55.194:  |h Superintendent of Documents classification  |i unmediated -- volume  |k no.95/1  |l 1995:Jan.  |m A14830129108 
952 f f |p serial  |a Texas A&M University  |b College Station  |c Sterling C. Evans Library  |d Evans: US Documents Microfiche (3rd floor)  |t 0  |e C 55.194:  |h Superintendent of Documents classification  |i unmediated -- volume  |k no.97/8  |l 1997:Aug.  |m A14830129116 
952 f f |p serial  |a Texas A&M University  |b College Station  |c Sterling C. Evans Library  |d Evans: US Documents Microfiche (3rd floor)  |t 0  |e C 55.194:  |h Superintendent of Documents classification  |i unmediated -- volume  |k no.98/4  |l 1998:Apr.  |m A14829358354 
952 f f |p serial  |a Texas A&M University  |b College Station  |c Sterling C. Evans Library  |d Evans: US Documents Microfiche (3rd floor)  |t 0  |e C 55.194:  |h Superintendent of Documents classification  |i unmediated -- volume  |k no.00/5  |l 2000:May  |m A14826652327 
952 f f |p serial  |a Texas A&M University  |b College Station  |c Sterling C. Evans Library  |d Evans: US Documents (Annex 5th floor)  |t 0  |e C 55.194:  |h Superintendent of Documents classification  |i unmediated -- volume  |k no.95/1-6  |l 1995:Jan.-June  |m A14831481951 
952 f f |p serial  |a Texas A&M University  |b College Station  |c Sterling C. Evans Library  |d Evans: US Documents Microfiche (3rd floor)  |t 0  |e C 55.194:  |h Superintendent of Documents classification  |i unmediated -- volume  |k no.01/3  |l 2001:Mar.  |m A14827555170 
998 f f |a C 55.194:  |s no.03/2 (2003:Feb.)  |t 0  |l Evans: US Documents Microfiche (3rd floor) 
998 f f |a C 55.194:  |s no.94/6 (1994:June)  |t 0  |l Evans: US Documents (Annex 5th floor) 
998 f f |a C 55.194:  |s no.02/1-02/5 (2001:Jan-May)  |t 0  |l Evans: US Documents (Annex 5th floor)